| 000 | 00524nam a22001337a 4500 | ||
|---|---|---|---|
| 008 | 150129b xxu||||| |||| 00| 0 eng d | ||
| 050 | _aPR4871.C47 1946 | ||
| 100 |
_aLandor, Walter Savage _914796 |
||
| 245 |
_aPoetry and Prose _c/ by Savage W. Walter and Kercheven E. Chambers _bwith Swinburne's poem and essays by Ernest De Selincourt , Walter Raleigh and Oliver Elton |
||
| 260 |
_aOxford _bClaredon Press _c1946 |
||
| 300 |
_axx, 185p. ; _c19cm. |
||
| 700 |
_a Chambers, Edmund Kercheven _915201 |
||
| 942 |
_2lcc _cMONOGRAPH |
||
| 999 |
_c121943 _d121943 |
||